| 000 | 00605cam a22002054a 4500 | ||
|---|---|---|---|
| 999 |
_c1161 _d1161 |
||
| 001 | 20031 | ||
| 003 | BD-DhUAP | ||
| 005 | 20200203131920.0 | ||
| 008 | 091028s2009 enk b 001 0 eng | ||
| 020 | _a9780521127943 | ||
| 040 |
_aBD-DhUAP _cBD-DhUAP _dBD-DhUAP _bEng |
||
| 082 | 0 | 4 |
_a340.59 HAL _223 |
| 100 | 1 | _aHallaq, Wael B. | |
| 245 | 1 | 3 |
_aAn introduction to Islamic law / _cWael B. Hallaq. |
| 260 |
_aCambridge ; _bCambridge University Press, _cc2009. |
||
| 300 |
_avii, 200 pages ; _c23 cm. |
||
| 504 | _aIncludes bibliographical references and index. | ||
| 650 | 0 | _aIslamic law. | |
| 942 |
_2ddc _cBK |
||